00324nam a2200109Ia 4500008004100000041000800041100001900049245007300068260003700141300000800178700002800186250110s9999 xx 000 0 und d aeng aNagarkar Geeta aGuidelines For Eco Urban Proposal Of Fringe Areas Of Pune University bM.Arch Environmental, Punec2013 a64p aGuide Name:Nawale Rahul